Language Groups of South Asia - Map Quiz - Statistics

General Stats
  • This quiz has been taken 320 times
  • The average score is 7 of 9
Answers on the Map
Answers color-coded by a green-red scale on the quiz's map according to % correct below.
 
Answer Stats
Answer % Correct
Indo-Aryan Languages
92%
Tibeto-Burman Languages
91%
Iranian Languages
87%
Dravidian Languages
86%
Great Andamanese Languages
81%
Turkic Languages
79%
Austroasiatic Languages
70%
Nuristani Languages
66%
Ongan Languages
57%
No matching quizzes found
Score Distribution
Percent of People with Each Score
Percentile by Number Answered
Your Score History
You have not taken this quiz